Dapat senjata
| Main Author: | |
|---|---|
| Format: | Book |
| Published: |
Selangor :
Sinaran Ilmu Enterprise ,
2003
|
| Series: | Siri sinaran nilai murni
|
| Subjects: |
MARC
| LEADER | 00000cam a2200000 7i4500 | ||
|---|---|---|---|
| 001 | 0000073149 | ||
| 005 | 20170528.0 | ||
| 008 | 170528 | ||
| 020 | |a 98327120099 | ||
| 020 | |a 9832712084(set) | ||
| 090 | 0 | 0 | |a JF |b MAL |
| 100 | 1 | |a Bahasa Othman | |
| 245 | 1 | 0 | |a Dapat senjata |c Bahasa Othman |
| 260 | |a Selangor : |b Sinaran Ilmu Enterprise , |c 2003 | ||
| 300 | |a 30p. : |b .ill. | ||
| 490 | 1 | |a Siri sinaran nilai murni | |
| 500 | |a Children ages 7-9 years old (orange) | ||
| 650 | 0 | |a Children's stories, Malay | |
| 999 | |a 0001051619 |b Book |c Children Collection |e Cawangan Segamat | ||